000 00361 a2200121 4500
001 ART_14819
005 20260410161914.0
008 260409a
245 1 0 _aInterpreting econometric evidence
100 1 _aHendry, David F.
700 1 _aDavidson, James E. H.
773 0 _tEuropean economic review
_g- Vol. 16, NÂș 1 (may. 1981)
_wREV13346
999 _c27053
_d27053